000 00653nam a2200277Ia 4500
005 20260324144427.0
008 008 260324s9999 xx 000 0 eng d
020 _a9780367823252
037 _aEBOOK
040 _aCRL
040 _beng
040 _cCRL
041 _2eng
041 _aeng
084 _qCRL
100 _aEdward R. Johnson
_91219278
245 0 _aManagement Issues in the Networking Environment
260 _bTaylor and Francis
260 _c1988
365 _a
365 _b150
856 _uhttp://www.taylorfrancis.com/books/9780367823252
942 _cEBOOK
999 _c1825887
_d1825887